000 01040cam a22002531i 4500
003 SA-RiAUC
005 20250411130817.0
008 250317s1979 su g 000 m ara c
040 _aSA-EnSBSSC
_bara
_cSA-RiAUC
_erda
082 0 4 _a810.8
090 _a810.8
_b ا هـ د
100 1 _aالأهدل، عبد الرحمن بن عبد الرحمن شميلة،
_d1377 هجري-
_eمؤلف.
245 1 0 _aمختارات شعرية ومحاورات أدبية /
_cعبد الرحمن عبد الرحمن شميلة الأهدل.
250 _aالطبعة الأولى.
264 1 _a[مكان النشر غير محدد] :
_b[الناشر غير محدد]،
_c1979
264 3 _aمكة المكرمة :
_bمطابع زمزم
300 _a31 صفحة ؛
_c24 سم
336 _aنص
_btxt
_2rdacontent
_3كتاب
337 _aبدون وسيط
_bn
_2rdamedia
338 _aمجلد
_bnc
_2rdacarrier
650 7 _aالأدب العربي
_vمجموعات
_2aucsh
942 _2ddc
_cBOOK
_n0
949 _aSA-JeALM
_d250317
_umohamedma123
_n1
999 _c6892
_d6892